[Event "Acropolis Women's GM Open"]
[Site "Athens GRE"]
[Date "2005.03.07"]
[Round "2"]
[White "Bashkite,V"]
[Black "Trabert,B"]
[Result "1/2-1/2"]
[WhiteElo "2196"]
[BlackElo "2357"]

1.Nf3 d5 2.g3 Bg4 3.Bg2 Nd7 4.c4 c6 5.cxd5 cxd5 6.Nc3 e6 7.Qb3 Qb6 8.Qxb6 axb6
9.O-O Ngf6 10.d3 Be7 11.Nd4 O-O 12.h3 Bh5 13.g4 Bg6 14.e4 dxe4 15.dxe4 Bb4
16.Nde2 Nc5 17.f3 Nb3 18.Rb1 Bc5+ 19.Kh2 Nxc1 20.Nxc1 e5 21.a3 Rfd8 22.Nb3 Be3
23.Rfd1 Kf8 24.Bf1 h5 25.Bc4 hxg4 26.hxg4 Rdc8 27.Bb5 Ke7 28.Kg2 Bf4 29.Na1 Rh8
30.Rh1 Rad8 31.Rxh8 Rxh8 32.Rh1 Rd8 33.Rd1 Rh8 34.Ne2 Nxg4 35.Rd7+ Ke6 36.Nxf4+ exf4
37.Nb3 Ne3+ 38.Kg1 Rh3 39.Rxb7 Rg3+ 40.Kh1 Rh3+ 41.Kg1 Rg3+ 42.Kh1 Bh5 43.Be2 Ke5
44.Nd2 Rg6 45.Rd7 Rd6 46.Rxd6 Kxd6 47.Kg1 f6 48.Kf2 Bf7 49.Nb1 Ke5 50.Nc3 Bb3
51.Ke1 Nc2+ 52.Kf2 Nd4 53.Bf1 Nc6 54.Ne2 g5 55.Nc1 Be6 56.b4 Kd6 57.Nd3 Bc4
58.Nb2 Bxf1 59.Kxf1 Nd4 60.Nc4+ Kc6 61.Kg2 b5 62.Nb2 Nc2 63.a4 Nxb4 64.axb5+ Kxb5
65.Kh3 Nc2 66.Kg4 Nd4 67.Nd3 Kc4 68.Nf2 Kc5 69.e5 fxe5 70.Ne4+ Kd5 71.Nxg5 Nc2
72.Nh3 Ne3+ 73.Kg5 Ng2 74.Kf5 Kd4 75.Ng5 Ne3+ 76.Ke6 Ng2 77.Kd6 Ne1 78.Ne6+ Ke3
79.Kxe5 Nxf3+ 80.Kd6 Ne5  1/2-1/2

[Event "FSIMB March"]
[Site "Budapest HUN"]
[Date "2005.03.07"]
[Round "3"]
[White "Werner,Di"]
[Black "Dencsi,T"]
[Result "1/2-1/2"]
[WhiteElo "2312"]
[BlackElo "2300"]

1.g3 d5 2.Nf3 Nf6 3.Bg2 c6 4.d3 Bg4 5.O-O Nbd7 6.Nbd2 e5 7.e4 dxe4 8.dxe4 Bc5
9.h3 Bxf3 10.Qxf3 O-O 11.Nc4 Qe7 12.Bg5 Qe6 13.Qe2 Rfe8 14.Kh2 b5 15.Na5 Bb4
16.Nb3 Nb6 17.c3 Be7 18.Be3 Nc4 19.Nc5 Bxc5 20.Bxc5 Nd7 21.Be3 Nxe3 22.Qxe3 Nb6
23.b3 Rad8 24.Rad1 Rd6 25.Bf3 Red8 26.Bg4 Qf6 27.Rxd6 Rxd6 28.Kg2 h6 29.h4 Qg6
30.Bf5 Qf6 31.a4 bxa4 32.bxa4 g6 33.Bg4 h5 34.Be2 Nxa4 35.Ra1 Nb6 36.Rxa7 Nd7
37.Bc4 Kg7 38.Rb7 Qd8 39.Qa7 Rd2 40.Bd5 cxd5 41.Rxd7 Qf6 42.Qe3 Rc2 43.exd5 e4
44.Rc7 Qe5 45.Rc4 Qxd5 46.Qxe4  1/2-1/2

[Event "Acropolis Women's GM Open"]
[Site "Athens GRE"]
[Date "2005.03.08"]
[Round "3"]
[White "Foisor,C"]
[Black "Makka,I"]
[Result "1-0"]
[WhiteElo "2411"]
[BlackElo "2239"]

1.Nf3 d5 2.g3 Bg4 3.Bg2 Nd7 4.d3 c6 5.Nbd2 Ngf6 6.O-O e5 7.h3 Bh5 8.e4 dxe4
9.dxe4 Be7 10.Qe2 O-O 11.Rd1 Qc7 12.g4 Bg6 13.Nh4 Rfe8 14.Nf5 Bf8 15.Nf1 Nc5
16.N1g3 Ne6 17.g5 Nf4 18.Bxf4 exf4 19.gxf6 fxg3 20.Nxg3 gxf6 21.Qf3 Qe5 22.h4 h6
23.c3 Rad8 24.Qg4 h5 25.Qf3 Bh6 26.Rxd8 Rxd8 27.Rd1 Rxd1+ 28.Qxd1 Bf4 29.Qf3 Kh7
30.Ne2 Bh6 31.Nd4 a6 32.a4 c5 33.Nf5 Bc1 34.b3 b5 35.axb5 axb5 36.Bf1 b4
37.cxb4 cxb4 38.Bc4 Bf4 39.Bd5 Bd2 40.Kg2 Bc1 41.Kf1 Bd2 42.Ng3 Bf4 43.Ne2 Bh6
44.Ng3 Bf4 45.Nf5 Bd2 46.Bc4 Bc1 47.Kg1 Bd2 48.Bf1 Qc3 49.Qxc3 bxc3 50.Bd3 Kg8
51.Ne7+ Kf8 52.Nd5 Ke8 53.f4 Kf8 54.f5 Bh7 55.Kf2 Kg7 56.b4 Bc1 57.Bc2 Ba3
58.Ke3 Kf8 59.Kd3 Kg7 60.Kc4 Bc1 61.b5 Bd2 62.b6 Be1 63.Nc7 Bg3 64.Kd5  1-0

[Event "3rd It"]
[Site "Badalona ESP"]
[Date "2005.03.08"]
[Round "6"]
[White "Belezky,S"]
[Black "Fluvia,J"]
[Result "1/2-1/2"]
[WhiteElo "2399"]
[BlackElo "2399"]

1.Nf3 d5 2.g3 Nc6 3.d3 e5 4.Bg2 Nf6 5.O-O Be7 6.c3 a5 7.a4 O-O 8.Na3 Be6
9.Qc2 Nd7 10.e4 Nc5 11.Nxe5 Nxe5 12.d4 dxe4 13.dxe5 Bb3 14.Qb1 Bxa4 15.b4 axb4
16.cxb4 Nb3 17.Ra2 Qd3 18.Bxe4 Qxb1 19.Nxb1 Bb5 20.Rxa8 Rxa8 21.Rd1 c6 22.Ba3 Kf8
23.Rd7 Ra7 24.Rc7 Bd8 25.Rc8 Ke7 26.Bb2 Ra2 27.Bc3 Bb6 28.Rb8 Bxf2+ 29.Kh1 b6
30.Rb7+ Ke6 31.Bg2 Bd3 32.Bh3+ Kd5 33.Rd7+ Kc4 34.Rxd3 Kxd3 35.Bf5+ Ke3 36.e6 fxe6
37.Bxe6 Rc2 38.Bxb3 Rc1+ 39.Kg2 Rxb1 40.Bg8 h5 41.Bxg7 Rxb4 42.Bf7 h4 43.Bh5 Be1
44.g4 Ra4 45.g5 Kf4 46.Bf6 Kf5 47.Be8 Ra2+ 48.Kf1 Bd2 49.Bd7+ Kg6 50.Be8+ Kf5
51.Bd7+ Kg6 52.Be8+  1/2-1/2

[Event "37th Women's It"]
[Site "Belgrade SCG"]
[Date "2005.03.08"]
[Round "3"]
[White "Chelushkina,I"]
[Black "Dimitrijevic,A"]
[Result "1-0"]
[WhiteElo "2369"]
[BlackElo "2295"]

1.Nf3 d5 2.g3 Nf6 3.Bg2 g6 4.O-O Bg7 5.d4 O-O 6.Ne5 Ng4 7.Nxg4 Bxg4 8.c3 c6
9.Nd2 e5 10.dxe5 Bxe5 11.Nf3 Bg7 12.Be3 Nd7 13.Qa4 Bxf3 14.exf3 Nb6 15.Qb3 Re8
16.Rfe1 Qc7 17.Bf1 Nd7 18.f4 Re7 19.Red1 Rae8 20.c4 dxc4 21.Bxc4 b5 22.Bf1 a6
23.Rac1 c5 24.a4 Rb8 25.axb5 axb5 26.Qc2 c4 27.b3 c3 28.b4 Re6 29.Qd3 Nf8
30.Bc5 Qc6 31.Bg2 Qe8 32.h4 Bf6 33.Bd5 Rd8 34.Qf3 Re2 35.Be3 Rb2 36.f5 Qe7
37.fxg6 Nxg6 38.Bc5 Qe5 39.Bd4 Rxd5 40.Bxe5 Rxd1+ 41.Qxd1 Bxe5 42.h5 Rxb4
43.hxg6 hxg6 44.Qd8+ Kg7 45.Kg2 Bf6 46.Qe8 Rd4 47.Rh1 Rd8 48.Qxb5 Rd2 49.Qb8 Rd8
50.Qf4 Rc8 51.Qh6+ Kg8 52.Qh7+ Kf8 53.Qh8+  1-0

[Event "FSGM March"]
[Site "Budapest HUN"]
[Date "2005.03.08"]
[Round "4"]
[White "Kallio,H"]
[Black "Lagowski,P"]
[Result "1/2-1/2"]
[WhiteElo "2469"]
[BlackElo "2389"]

1.Nf3 d5 2.g3 g6 3.Bg2 Bg7 4.d4 Nf6 5.O-O O-O 6.c4 c6 7.cxd5 cxd5 8.Ne5 Ne4
9.f3 Nd6 10.f4 f6 11.Nf3 Ne4 12.Nc3 Nc6 13.Be3 Nxc3 14.bxc3 Na5 15.Nd2 f5
16.Bf2 Be6 17.Nf3 Qd6 18.Qb1 b6 19.Rc1 Rac8 20.Qb4 Rfd8 21.Ng5 Bf7 22.Nxf7 Kxf7
23.Qa4 e6 24.e3 Bf8 25.Qd1 Rc7 26.g4 Rdc8 27.gxf5 gxf5 28.Be1 Nc4 29.Qf3 Kg8
30.Kh1 Rg7 31.Rc2 Qa3 32.Bf1 Qa4 33.Rg2 Rc7 34.Bh4 Rxg2 35.Bxg2 Rg7 36.Qe2 Qa3
37.Be1 Rg6 38.Bf3 b5 39.Rb1 a6 40.h4 Be7 41.h5 Rg7 42.Qc2 Qd6 43.Qf2 h6 44.Rc1 Qa3
45.Rb1 Kh8 46.Qe2 Bf6 47.Qf2 Qe7 48.Rc1 Qe8 49.Rc2 Rg8 50.Re2 Qe7 51.Kh2 Qg7
52.Qg2 Qf7 53.Qf1 Bd8 54.Kh3 Ba5 55.Qf2 Nd6 56.Rc2 Ne4 57.Qf1 Nf6 58.Rg2 Ng4
59.Bxg4 fxg4+ 60.Rxg4 Qxh5+ 61.Rh4 Qf5+ 62.Kh2 Kh7 63.Qe2 Qg6 64.Qf2 Rc8
65.Rh3 Bxc3 66.f5 exf5 67.Qc2 f4 68.Qxg6+ Kxg6 69.Bf2 Bd2 70.exf4 Bxf4+ 71.Kg2 Bd6
72.Re3 Kf5 73.Rf3+ Ke6 74.Rh3 Rc2 75.Rxh6+ Kd7 76.a3 Ra2 77.Kf3 Rxa3+ 78.Be3 Ra2
79.Bf4 Be7 80.Rh5 Ra3+ 81.Ke2 Ra2+ 82.Kd3 Ra3+ 83.Ke2 b4 84.Rxd5+ Kc6 85.Re5 Bd8
86.Rc5+ Kb7 87.Rh5 a5 88.d5 b3 89.Kd3 a4 90.Be5 Ra2 91.Rh7+ Kb6 92.Rd7 Bg5
93.Bd4+ Kb5 94.Rb7+ Ka5 95.Ra7+ Kb4 96.Rb7+ Ka3 97.Bc5+ Kb2 98.Rg7 Bc1 99.d6 Kb1
100.d7 Rd2+ 101.Kc4 Ka2 102.Rg2 Rxg2 103.d8=Q b2 104.Qd5 b1=Q 105.Qxg2+ Bb2
106.Kb5 Qd1 107.Kc6 Ka1 108.Qd5 Qc2 109.Qh1+ Bc1 110.Kd5 Kb1 111.Qe4 Qxe4+
112.Kxe4 Kc2 113.Kd4 Bb2+ 114.Kc4 Bc3 115.Be7 Be1 116.Bd6 Kb2 117.Be7 a3
118.Bxa3+  1/2-1/2

[Event "ch-BLR"]
[Site "Minsk BLR"]
[Date "2005.03.08"]
[Round "5"]
[White "Trifonov,D"]
[Black "Maljush,A"]
[Result "1-0"]
[WhiteElo "2347"]
[BlackElo "2413"]

1.Nf3 d5 2.g3 c6 3.Bg2 Nf6 4.O-O Bg4 5.d4 e6 6.Nbd2 Be7 7.c3 O-O 8.h3 Bh5
9.g4 Bg6 10.Ne5 Nfd7 11.Nxg6 hxg6 12.e4 Na6 13.Re1 Re8 14.e5 c5 15.Nf3 Rc8
16.a3 Nc7 17.h4 Bxh4 18.g5 Bxf2+ 19.Kxf2 cxd4 20.cxd4 Nb5 21.Be3 Nb6 22.a4 Nc7
23.b3 Na6 24.Qd2 Qe7 25.Kg3 Rc7 26.Rac1 Rxc1 27.Rxc1 Rc8 28.Rxc8+ Nxc8 29.Qc3 Qd8
30.Bf1 Nb8 31.Bc1 Ne7 32.Bd3 Nbc6 33.Ba3 Nf5+ 34.Bxf5 exf5 35.Qc5 Kh7 36.Bc1 a6
37.Qd6 Qc8 38.Bd2 f4+ 39.Bxf4 Qf5 40.Qxd5 Qd3 41.Qc4 Qd1 42.d5 Ne7 43.d6 Nf5+
44.Kg2 a5 45.Kf2 b6 46.Qc3 Qd5 47.Qd2 Qa8 48.d7 Qd8  1-0

[Event "Acropolis Women's GM Open"]
[Site "Athens GRE"]
[Date "2005.03.09"]
[Round "4"]
[White "Foisor,S"]
[Black "Trabert,B"]
[Result "1-0"]
[WhiteElo "2229"]
[BlackElo "2357"]

1.Nf3 d5 2.g3 Bg4 3.Bg2 Nd7 4.d3 e6 5.Nbd2 Bd6 6.O-O Ne7 7.Qe1 O-O 8.h3 Bh5
9.e4 c5 10.Nh2 Qc7 11.f4 f6 12.Ndf3 Rae8 13.b3 Nc6 14.Bb2 b5 15.Qd2 d4 16.c3 dxc3
17.Qxc3 e5 18.g4 Bf7 19.f5 Rc8 20.Qd2 Rfd8 21.g5 c4 22.bxc4 bxc4 23.Ng4 cxd3
24.Kh1 Bb4 25.Qxd3 Nc5 26.Qe2 Qe7 27.Rg1 Kh8 28.Bc1 Bc3 29.Rb1 Nd4 30.Nxd4 Bxd4
31.Be3 fxg5 32.Rgf1 Bxe3 33.Nxe3 Nd3 34.Nd5 Bxd5 35.exd5 Nf4 36.Qe4 Nxd5
37.Rbe1 Nf6 38.Qxe5 Qxe5 39.Rxe5 Rc2 40.a4 h6 41.Rb1 Rdd2 42.Bf1 Rc7 43.a5 Rd5
44.Rxd5 Nxd5 45.a6 Nb6 46.Be2 Rc3 47.Kg2 Ra3 48.Rd1 Re3 49.Rd8+ Kh7 50.Bd3 g4
51.hxg4 h5 52.f6+ Rxd3 53.Rxd3 gxf6 54.gxh5 Kh6 55.Rd6  1-0

[Event "Acropolis GM Open"]
[Site "Athens GRE"]
[Date "2005.03.10"]
[Round "5"]
[White "Nikolaou,G"]
[Black "Kokolias,K"]
[Result "1-0"]
[WhiteElo "2286"]
[BlackElo "2137"]

1.Nf3 d5 2.g3 c6 3.b3 Bg4 4.Bg2 Nd7 5.Bb2 e6 6.O-O Ngf6 7.c4 Bd6 8.Nc3 O-O
9.d3 a5 10.e4 dxe4 11.dxe4 Qe7 12.Qc2 Bxf3 13.Bxf3 Ba3 14.Na4 Bxb2 15.Qxb2 e5
16.c5 Rfd8 17.Qc3 Nf8 18.Rad1 Rxd1 19.Rxd1 Qc7 20.Nb6 Ra7 21.Rd6 Ne8 22.Rd1 Nf6
23.Bg2 Ne6 24.Rd6 Nd4 25.Rxd4 exd4 26.Qxd4 Qe7 27.Nc8 Qc7 28.Nxa7 Ne8 29.e5  1-0

[Event "Sozina Open"]
[Site "Bar SCG"]
[Date "2005.03.11"]
[Round "8"]
[White "Arsovic,G"]
[Black "Toth,Al"]
[Result "1/2-1/2"]
[WhiteElo "2414"]
[BlackElo "2251"]

1.Nf3 d5 2.g3 Nf6 3.Bg2 e6 4.O-O Be7 5.d3 O-O 6.Nc3 c5 7.e4 Nc6 8.Bf4 d4
9.Ne2 b5 10.Ne1 a5 11.Bd2 a4 12.a3 b4 13.h3 bxa3 14.Rxa3 Bd7 15.Ra2 Qb6 16.Kh1 e5
17.Bc1 Be6 18.Ra1 Nd7 19.f4 f6 20.f5 Bf7 21.h4 Rfb8 22.g4 h6 23.Rg1  1/2-1/2

[Event "Tch-FIN 2004-5"]
[Site "Finland FIN"]
[Date "2005.03.12"]
[Round "8"]
[White "Maki,V"]
[Black "Rytshagov,M"]
[Result "1-0"]
[WhiteElo "2388"]
[BlackElo "2461"]

1.Nf3 d5 2.g3 c5 3.Bg2 Nc6 4.d4 Nf6 5.O-O e6 6.c4 dxc4 7.Qa4 Bd7 8.dxc5 Na5
9.Qc2 Bxc5 10.Ne5 Rc8 11.Rd1 Qb6 12.Bg5 Bb5 13.Nc3 Bxf2+ 14.Kh1 a6 15.Qd2 O-O
16.Nxb5 axb5 17.Bxf6 Be3 18.Nd7 Bxd2 19.Nxb6 gxf6 20.Nxc8 Be3 21.Nd6 b4 22.Nxb7 Nxb7
23.Bxb7 Rb8 24.Be4 f5 25.Bc2 Ra8 26.Kg2 e5 27.Bxf5 Bd4 28.Be4 Ra5 29.Rac1 Rxa2
30.Rxc4 Rxb2 31.Rc2  1-0

[Event "ch-RUS u20g"]
[Site "Nojabrsk RUS"]
[Date "2005.03.12"]
[Round "11"]
[White "Fominykh,M"]
[Black "Gunina,V"]
[Result "1-0"]
[WhiteElo "2282"]
[BlackElo "2342"]

1.Nf3 d5 2.g3 Nf6 3.Bg2 c6 4.O-O Bf5 5.b3 e6 6.Bb2 Be7 7.d3 O-O 8.Nbd2 h6
9.Re1 Bh7 10.h3 c5 11.e4 Nc6 12.Ne5 Nxe5 13.Bxe5 Nd7 14.Bb2 Bf6 15.Bxf6 Nxf6
16.Qe2 Rc8 17.c4 dxe4 18.dxe4 Nd7 19.Rad1 Qc7 20.e5 Rfd8 21.f4 Nb8 22.Be4 Nc6
23.Bxh7+ Kxh7 24.Ne4 Nd4 25.Qd3 Kg8 26.Nd6 Rb8 27.Qe4 a6 28.g4 f6 29.Rf1 Rf8
30.b4 b6 31.a3 Qd7 32.Rb1 Qc7 33.Rbd1 Qe7 34.Kg2 fxe5 35.fxe5 Qg5 36.Kg3 a5
37.h4 Qe7 38.b5 a4 39.Qg2 Qa7 40.Rxf8+ Rxf8 41.Rf1 Rxf1 42.Qxf1 Qa5 43.g5 Qc3+
44.Kg4 h5+ 45.Kxh5 Nf3 46.Ne4 Qe3 47.Qh3 Kf7 48.g6+ Kf8 49.Ng5 Qxe5 50.Qxf3+ Ke7
51.Qb7+ Ke8 52.Qf7+ Kd8 53.Qxe6 Qb2 54.Qxb6+ Kc8 55.Qxc5+ Kb7 56.Qc6+ Kb8
57.b6 Qe2+ 58.Qf3 Qb2 59.c5 Qd4 60.Qf8+ Kb7 61.Qf7+ Ka6 62.b7 Ka7 63.c6 Qd1+
64.Nf3 Ka6 65.b8=R  1-0

[Event "Mediterranean Flower WGM"]
[Site "Rijeka CRO"]
[Date "2005.03.12"]
[Round "9"]
[White "Bogza,A"]
[Black "Macek,V"]
[Result "1-0"]
[WhiteElo "2272"]
[BlackElo "2214"]

1.Nf3 d5 2.g3 c6 3.Bg2 Nf6 4.O-O Bg4 5.d3 Nbd7 6.Nbd2 e6 7.e4 h6 8.Qe1 a5
9.h3 Bxf3 10.Bxf3 Qb6 11.Bg2 Bd6 12.Kh2 O-O-O 13.Nf3 Bc7 14.Rb1 Qa6 15.e5 Ng8
16.d4 Qc4 17.Bd2 Qxc2 18.Bxa5 Qa4 19.Bxc7 Kxc7 20.Qc3 Ne7 21.Rfc1 Ra8 22.b4 Rhb8
23.Nd2 Kd8 24.b5 Rc8 25.bxc6 bxc6 26.Nb3 Qa3 27.Rc2 Rc7 28.Rbc1 Ke8 29.Qd3 Rac8
30.f4 g6 31.g4 Kf8 32.f5 gxf5 33.gxf5 Nxf5 34.Bxd5 c5 35.Be4 c4 36.Qd2 Qa7
37.Nc5 Nxe5 38.Rf1 Nxd4 39.Qxh6+ Ke7 40.Qh4+ Kd6 41.Nb7+ Rxb7 42.Bxb7 Qxb7
43.Qxd4+ Qd5 44.Qf4 Kc5 45.Rd2 Nd3 46.Qxf7 Qe5+ 47.Kh1 Rh8 48.Rxd3 cxd3 49.Rc1+ Kb6
50.Rb1+ Kc5 51.Qa7+ Kc4 52.Rc1+ Kd5 53.Rc5+ Ke4 54.Rxe5+ Kxe5  1-0

[Event "II Copa ENTEL"]
[Site "Santiago CHI"]
[Date "2005.03.16"]
[Round "3"]
[White "Ricardi,P"]
[Black "Felgaer,R"]
[Result "1-0"]
[WhiteElo "2547"]
[BlackElo "2588"]

1.Nf3 d5 2.g3 Nc6 3.d4 Bf5 4.c4 e6 5.Bg2 Bb4+ 6.Bd2 Be7 7.O-O Nf6 8.Nc3 O-O
9.Nh4 Be4 10.f3 Bg6 11.cxd5 Nxd5 12.Nxg6 hxg6 13.Nxd5 Qxd5 14.e3 Rfd8 15.Bc3 a5
16.a3 Qb5 17.f4 Bf6 18.Qf3 Rab8 19.Rad1 Rd7 20.g4 g5 21.h4 gxf4 22.g5 Be7
23.Qxf4 Bd6 24.Qg4 Ne7 25.e4 c6 26.h5 Rbd8 27.Kh1 Bc7 28.Bh3 Bb6 29.d5 Nxd5
30.exd5 Rxd5 31.Rxd5 Qxd5+ 32.Bg2 Qd3 33.Qf4 Rd7 34.Qe5 Bd4 35.Bxd4 Qxd4
36.Qg3 Qd6 37.Qf3 Qd4 38.g6 Qh4+ 39.Qh3 Qc4 40.h6 gxh6 41.Qxh6 f5 42.Rf3 Rd1+
43.Kh2 Rd7 44.Qe3 Rg7 45.Rf4 Qa2 46.Rxf5 Rxg6 47.Rf2 Qc4 48.Be4 Rg7 49.Rc2 Qf1
50.Bg2 Qf6 51.Rf2 Qh4+ 52.Kg1 Qg4 53.Kh2 Qh4+ 54.Bh3 e5 55.Rf3 Qh5 56.Rf5 Qg6
57.Rxe5 Qd6 58.Qf4 Rg6 59.Re8+ Kg7 60.Qxd6 Rxd6 61.Re7+  1-0

[Event "78th ch-City"]
[Site "St Petersburg RUS"]
[Date "2005.03.17"]
[Round "1"]
[White "Loginov,Va"]
[Black "Popov,Val"]
[Result "1/2-1/2"]
[WhiteElo "2507"]
[BlackElo "2588"]

1.Nf3 d5 2.g3 c5 3.Bg2 Nc6 4.d4 e6 5.O-O Qb6 6.c4 cxd4 7.cxd5 exd5 8.Nbd2 g6
9.Nb3 Bg7 10.a4 Nge7  1/2-1/2

[Event "Match"]
[Site "Vinkovci CRO"]
[Date "2005.03.18"]
[Round "4"]
[White "Goric,E"]
[Black "Brkic,A"]
[Result "1/2-1/2"]
[WhiteElo "2381"]
[BlackElo "2458"]

1.Nf3 d5 2.g3 g6 3.Bg2 Bg7 4.O-O e5 5.d3 Ne7 6.e4 Nbc6 7.Nbd2 O-O 8.Re1 h6
9.c3 Re8 10.Qc2 a5 11.Nf1 Be6 12.h3 Qd7 13.Kh2 f5 14.exf5 Nxf5 15.Ne3 Rad8
16.Nxf5 gxf5 17.Be3 Rf8 18.Bc5 Rf7 19.Rad1 b6 20.Be3 Rdf8 21.Rg1 f4 22.gxf4 exf4
23.Bd4 Nxd4 24.cxd4 Rf5 25.Rde1 Rh5 26.Rxe6 Qxe6 27.Qxc7 Rf7 28.Qd8+ Rf8
29.Qc7 Rf7 30.Qd8+ Rf8 31.Qc7  1/2-1/2

[Event "11th Schloss Open"]
[Site "Werther GER"]
[Date "2005.03.18"]
[Round "1"]
[White "Gutman,L"]
[Black "Fenner,M"]
[Result "1-0"]
[WhiteElo "2461"]
[BlackElo "2090"]

1.Nf3 d5 2.g3 Nf6 3.Bg2 e6 4.O-O Be7 5.d4 O-O 6.c4 c5 7.dxc5 Bxc5 8.Qc2 Qe7
9.Bg5 Nbd7 10.cxd5 exd5 11.Nc3 Nb6 12.e4 dxe4 13.Bxf6 gxf6 14.Nxe4 Bb4 15.a3 f5
16.Nc3 Bxc3 17.Qxc3 Be6 18.Rfe1 Rac8 19.Qd2 Rfd8 20.Qh6 Qf8 21.Qxf8+ Kxf8
22.Ng5 Bd5 23.Nxh7+ Kg7 24.Ng5 Bxg2 25.Kxg2 Rc2 26.b4 Rdd2 27.Nh3 Nd5 28.Rec1 b6
29.Rxc2 Ne3+ 30.Kf3 Nxc2 31.Rc1 Nxa3 32.Kf4 Rd4+ 33.Kxf5 Rxb4 34.Ng5 Rc4
35.Rd1 Rc5+ 36.Kf4 Rc7 37.Ne4 b5 38.Nd6 Kg6 39.Rd5 b4 40.Rg5+ Kh7 41.Ra5 Nc4
42.Nxc4 Rxc4+ 43.Ke5 Rc2 44.f4 Rxh2 45.Rxa7 Rg2 46.Rxf7+ Kg8 47.Rb7 Rxg3
48.Kf6 Ra3 49.f5 Rf3 50.Rxb4 Rf1 51.Rb8+ Kh7 52.Re8 Rf2 53.Re1 Kg8 54.Rg1+ Kf8
55.Rd1 Kg8 56.Rd8+ Kh7 57.Rf8 Ra2 58.Rf7+ Kh6 59.Re7 Rf2 60.Ke6 Re2+ 61.Kf7 Rf2
62.f6 Kh7 63.Ke8+ Kh8 64.f7 Rf1 65.Re2 Kg7 66.Rg2+ Kh7 67.f8=Q Re1+ 68.Qe7+  1-0

[Event "Third Sat A"]
[Site "Novi Sad SCG"]
[Date "2005.03.19"]
[Round "1"]
[White "Kostic,VV"]
[Black "Mihalj,M"]
[Result "0-1"]
[WhiteElo "2348"]
[BlackElo "2287"]

1.g3 d5 2.Nf3 Bg4 3.Bg2 Nd7 4.d4 c6 5.O-O e6 6.Nbd2 Ngf6 7.Re1 Be7 8.e4 dxe4
9.Nxe4 Nxe4 10.Rxe4 Bf5 11.Re1 O-O 12.c3 Qb6 13.Qe2 a5 14.Bf4 Qa6 15.c4 Rfd8
16.h3 Nf6 17.Nh4 Bg6 18.Nxg6 hxg6 19.Rad1 Bb4 20.Rf1 Rd7 21.Bf3 Rad8 22.Be3 Be7
23.Rd2 Bb4 24.Rdd1 Be7 25.Qc2 Ne8 26.Be2 Qa8 27.Rd2 Nd6 28.d5 exd5 29.cxd5 Nf5
30.Bb6 Rc8 31.Rc1 Bd8 32.g4 Ne7 33.d6 Bxb6 34.dxe7 Rxe7 35.Bc4 Qb8 36.Qb3 Qf4
37.Rcd1 Bc7 38.Kf1 a4 39.Qc3 Rce8 40.Be2 Re3 41.Rd4 Qh2 42.fxe3 Bg3  0-1

[Event "Norwegian Open"]
[Site "Oslo NOR"]
[Date "2005.03.19"]
[Round "1"]
[White "Kengis,E"]
[Black "Sollid,S"]
[Result "1-0"]
[WhiteElo "2538"]
[BlackElo "2133"]

1.Nf3 d5 2.g3 Nf6 3.Bg2 Bf5 4.O-O e6 5.d3 c5 6.c4 Nc6 7.Nh4 Bg6 8.cxd5 exd5
9.Bg5 Be7 10.Nc3 d4 11.Na4 Rc8 12.Bxf6 gxf6 13.Rc1 b6 14.Qd2 f5 15.Nf3 h5
16.h4 O-O 17.b3 Re8 18.a3 Na5 19.Qb2 Qd7 20.Ne5 Qe6 21.Nxg6 fxg6 22.b4 Nb3
23.Rb1 b5 24.Nxc5 Nxc5 25.bxc5 Bxc5 26.Qxb5 Qxe2 27.Bb7 Rc7 28.Bc6 Rec8 29.Qxc5 Rxc6
30.Qxd4 Rc3 31.Rb7  1-0

[Event "TCh-BEL 2004-5"]
[Site "Belgium BEL"]
[Date "2005.03.20"]
[Round "11"]
[White "De Bruycker,B"]
[Black "Sonntag,HH"]
[Result "0-1"]
[WhiteElo "2209"]
[BlackElo "2389"]

1.Nf3 d5 2.g3 Nf6 3.Bg2 c6 4.b3 Bf5 5.Bb2 e6 6.c4 h6 7.O-O Be7 8.d3 O-O 9.Nc3 Nbd7
10.cxd5 exd5 11.Nd4 Bh7 12.Bh3 Re8 13.Qd2 Bf8 14.Rae1 Ne5 15.f4 Neg4 16.e3 c5
17.Nc2 c4 18.Bxg4 Nxg4 19.h3 cxd3 20.hxg4 dxc2 21.f5 Qg5 22.Qd4 Bd6 23.Qxd5 Bxg3
24.Re2 Qxg4 25.e4 Rad8 26.Qxb7 Be5+  0-1

[Event "Extraliga CZE 2004-5"]
[Site "Czech Rep CZE"]
[Date "2005.03.20"]
[Round "9"]
[White "Jansa,Vl"]
[Black "Biolek,R2"]
[Result "1-0"]
[WhiteElo "2515"]
[BlackElo "2450"]

1.Nf3 d5 2.g3 g6 3.c4 c6 4.Bg2 Bg7 5.O-O Nf6 6.b3 Ne4 7.d4 O-O 8.Bb2 Be6
9.Nbd2 Nxd2 10.Qxd2 dxc4 11.Ng5 Qd7 12.Nxe6 Qxe6 13.bxc4 Qxc4 14.Rfc1 Qa6
15.a4 Rd8 16.e3 b6 17.a5 Qb7 18.Qb4 b5 19.a6 Nxa6 20.Qa5  1-0

[Event "ch-Privolzhsky Region"]
[Site "Ishevsk RUS"]
[Date "2005.03.20"]
[Round "5"]
[White "Askarov,M"]
[Black "Geller,J"]
[Result "1/2-1/2"]
[WhiteElo "2434"]
[BlackElo "2483"]

1.g3 d5 2.Nf3 Nf6 3.Bg2 Bf5 4.d4 e6 5.c4 c6 6.Nc3 h6 7.O-O Be7 8.Nd2 O-O
9.Re1 Nbd7 10.b3 Qb6 11.Bb2 Rfe8 12.h3 Rad8 13.e3 Bf8 14.Qe2 e5 15.cxd5 cxd5
16.Nxd5 Nxd5 17.Bxd5 Nf6 18.Nc4 Qc7 19.Bg2 exd4 20.Qf3 Be4 21.Qf4 Qxf4 22.exf4 Bb4
23.Red1 Bc3 24.Bxc3 dxc3 25.a4 Bxg2 26.Kxg2 Nd5 27.Rdc1 b6 28.Kf3 a6 29.b4 b5
30.axb5 axb5 31.Ne5 Rc8 32.Ra5 c2 33.Rxb5 Red8 34.Rb7 Nxf4 35.gxf4 Rd1 36.Nd3 Rxd3+
37.Ke2 Rxh3 38.b5 Rb3 39.Kd2 Rc5 40.b6 Rc6 41.Rxc2 Rbxb6 42.Rxc6 Rxb7 43.Ke3 Rb5
44.Ke4 g6 45.Kf3 Kg7 46.Kg3 Rf5 47.Ra6 Rf6 48.Ra8 Rd6 49.Ra5 Rd3+ 50.f3 h5
51.Ra7 Rd6 52.Rb7 Kf6 53.Ra7 Rd1 54.Ra6+ Kg7 55.Ra7 Rh1 56.Kg2 Rb1 57.Kg3 Rb5
58.Rc7 Rf5 59.Rc8 Rd5 60.Rc7 Kf6 61.Ra7 Ke6 62.Ra6+ Kf5 63.Ra7 h4+ 64.Kxh4 Kxf4
65.Rxf7+ Rf5 66.Rh7 Kxf3 67.Kh3 Rf8 68.Kh4 Rf4+ 69.Kg5 Rg4+ 70.Kf6 g5 71.Kf5 Rg3
72.Ra7 g4 73.Ra4 Rg1 74.Ra3+ Kf2 75.Kf4 Rg2 76.Ra2+ Kg1 77.Rxg2+ Kxg2  1/2-1/2

[Event "Third Sat A"]
[Site "Novi Sad SCG"]
[Date "2005.03.20"]
[Round "2"]
[White "Werner,Di"]
[Black "Micic,C"]
[Result "0-1"]
[WhiteElo "2312"]
[BlackElo "2401"]

1.g3 d5 2.Nf3 g6 3.Bg2 Bg7 4.c4 d4 5.d3 e5 6.O-O Ne7 7.b4 a5 8.bxa5 O-O 9.Nbd2 Nbc6
10.Nb3 Nxa5 11.Nxa5 Rxa5 12.Nd2 b6 13.Nb3 Ra7 14.a4 Bb7 15.Bxb7 Rxb7 16.a5 bxa5
17.Ba3 Re8 18.Nxa5 Rb6 19.Qa4 Nf5 20.Rfb1 h5 21.Rxb6 cxb6 22.Nc6 Qd7 23.Qb5 e4
24.Qd5 Qxd5 25.cxd5 exd3 26.exd3 Ra8 27.Kg2 Bf8 28.Bb2 Rxa1 29.Bxa1 Bc5 30.h3 Kf8
31.g4 Ne7 32.Kf3 Nxd5 33.gxh5 gxh5 34.Nxd4 Bxd4 35.Bxd4 Ke7 36.Ke4 Ke6 37.Bb2 f5+
38.Kf3 Kd6 39.Kg3 Ke6 40.Kf3 b5 41.Kg3 Nb4 42.Kh4 Nxd3 43.Bd4 Kd5 44.Bg7 Nxf2
45.Kg5 Ke4 46.h4 f4 47.Kxh5 f3  0-1

[Event "Spring Festival"]
[Site "Budapest HUN"]
[Date "2005.03.21"]
[Round "4"]
[White "Kerek,C"]
[Black "Koczo,K"]
[Result "1-0"]
[WhiteElo "2300"]
[BlackElo "2159"]

1.Nf3 d5 2.g3 c6 3.Bg2 Bg4 4.O-O Nd7 5.d3 e6 6.Nbd2 Bd6 7.e4 Ne7 8.h3 Bh5
9.Re1 Qc7 10.Qe2 Nc5 11.c3 O-O 12.g4 Bg6 13.Nh4 Nd7 14.d4 Bf4 15.e5 c5 16.Bf3 c4
17.Ng2 Bd3 18.Qd1 Bh6 19.h4 g6 20.Nf1 Bxc1 21.Qxc1 Bxf1 22.Kxf1 Kg7 23.Ke2 h6
24.Nf4 Rh8 25.Rh1 Rag8 26.Qd2 Qb8 27.h5 g5 28.Nh3 Kf8 29.b3 b5 30.bxc4 bxc4
31.Rhb1 Qc7 32.Rb2 Nc6 33.Kf1 Ke7 34.Bd1 Rb8 35.Rxb8 Qxb8 36.Ba4 Qb6 37.Nxg5 hxg5
38.Qxg5+ Kf8 39.h6 Rg8 40.Qh5 Ncb8 41.h7 Rh8 42.Qh6+ Ke7 43.Qg5+ Kf8 44.Qh6+ Ke7
45.Qh4+ Kf8 46.g5 Qb2 47.Rd1 Qxc3 48.Qh6+ Ke7 49.g6 Qa3 50.g7 Qxa4 51.Re1 Rxh7
52.Qxh7  1-0

[Event "Norwegian Open"]
[Site "Oslo NOR"]
[Date "2005.03.22"]
[Round "4"]
[White "Hagesaether,E"]
[Black "Sopur,L"]
[Result "0-1"]
[WhiteElo "2177"]
[BlackElo "2396"]

1.Nf3 d5 2.g3 Bg4 3.Bg2 c6 4.d3 Nd7 5.O-O Ngf6 6.Nbd2 e5 7.e4 Bd6 8.h3 Bh5
9.Qe1 O-O 10.Kh1 Re8 11.Nh4 Bf8 12.a4 Bb4 13.f3 a5 14.g4 Bg6 15.Qg3 Nf8 16.Nb3 N6d7
17.Nf5 Ne6 18.f4 Bxf5 19.exf5 Nxf4 20.Bxf4 exf4 21.Qxf4 Qf6 22.g5 Qxb2 23.Nd4 Bd2
24.Qxd2 Qxd4 25.Rab1 Nc5 26.Rf4 Qe3 27.Qxe3 Rxe3 28.d4 Nxa4 29.Rxb7 Nc3 30.g6 hxg6
31.fxg6 f6 32.Rf1 a4 33.Ra1 Ree8 34.Rb6 Rec8 35.Ra3 Nb5 36.Rxb5 cxb5 37.Bxd5+ Kf8
38.Bxa8 Rxa8 39.c3 Ke7 40.Kg2 Kd6 41.Kg3 Kd5 42.Kg4 Ke4 43.h4 f5+ 44.Kg5 f4
45.Ra1 f3 46.h5 f2 47.h6 gxh6+ 48.Kxh6 Kf3 49.c4 Kg2  0-1

[Event "XXVIII Open"]
[Site "San Sebastian ESP"]
[Date "2005.03.22"]
[Round "5"]
[White "Gonzalez de la Torre,S"]
[Black "Neira Garcia,M"]
[Result "1-0"]
[WhiteElo "2384"]
[BlackElo "2085"]

1.Nf3 d5 2.g3 Nd7 3.d4 Ngf6 4.Bg2 g6 5.c4 c6 6.O-O Bg7 7.cxd5 cxd5 8.Nc3 O-O
9.Bf4 a6 10.Qb3 e6 11.Rac1 b6 12.Na4 Ra7 13.Bd6 Re8 14.Ne5 Nxe5 15.dxe5 Nd7
16.Qe3 Bf8 17.Bxf8 Rxf8 18.Rc6 Rb7 19.Rfc1 Nxe5 20.Nc5 bxc5 21.R6xc5 Bd7
22.b3 Qb6 23.h4 h5 24.Bf3 Kg7 25.Qg5 Qd8 26.Qd2 Qb6 27.e4 dxe4 28.Bxe4 Ra7
29.b4 Bb5 30.Qf4 f5 31.Qxe5+ Rf6 32.Rc7+ Rxc7 33.Rxc7+  1-0

[Event "ch-RUS w 1st League"]
[Site "Samara RUS"]
[Date "2005.03.23"]
[Round "1"]
[White "Fominykh,M"]
[Black "Zaiatz,E"]
[Result "1-0"]
[WhiteElo "2282"]
[BlackElo "2401"]

1.Nf3 d5 2.g3 g6 3.Bg2 Bg7 4.O-O e5 5.d3 Ne7 6.e4 dxe4 7.dxe4 Qxd1 8.Rxd1 Nbc6
9.c3 h6 10.b4 a6 11.Nbd2 Be6 12.a4 Nc8 13.Bb2 Nd6 14.Bf1 O-O 15.c4 Bg4 16.b5 Na5
17.Ra3 Rfd8 18.Rc1 Bxf3 19.Rxf3 axb5 20.cxb5 Nxb5 21.Bxb5 Rxd2 22.Bc3 Rdd8
23.Bxa5 Rxa5 24.Rxc7 f5 25.Rxb7 Raa8 26.exf5 gxf5 27.Rxf5 Rd4 28.Rff7 Bf8
29.Rfc7 Bd6 30.Bc4+ Kf8 31.Rh7  1-0

[Event "Open"]
[Site "Coventry ENG"]
[Date "2005.03.24"]
[Round "1"]
[White "Gourlay,I"]
[Black "Young,C"]
[Result "1-0"]
[WhiteElo "2304"]
[BlackElo "2102"]

1.Nf3 d5 2.g3 g6 3.Bg2 Bg7 4.c4 d4 5.d3 e5 6.O-O Ne7 7.b4 a5 8.b5 c5 9.bxc6 Nexc6
10.Na3 O-O 11.Nb5 Na6 12.Ng5 Nc5 13.Rb1 h6 14.Ba3 Nb4 15.Ne4 Nxe4 16.Bxe4 Qe7
17.Qd2 Rd8 18.Bxb4 axb4 19.Rxb4 Rxa2 20.Qxa2 Qxb4 21.Rb1 Qe7 22.Na7 Bf8 23.Qa5 Bg4
24.Bxb7 Rd7 25.Nc6 Qd6 26.Nxe5 Bxe2 27.Nxd7 Bxd3 28.Rd1 Qxd7 29.Rxd3 Qxb7
30.Rxd4 Bg7 31.Rd8+ Kh7 32.Qd5  1-0